• 首页
  • 本馆介绍
  • 公告通知
  • 最新文献
  • 馆藏检索
  • 电子资源
  • 读者导购
  • 参考咨询
  • 我的图书馆
  • 登录
  • 详细信息显示
  • 放入我的书架
  • 预约/预借图书
  • 作者相关作品
  • 分类相关作品
  • 丛书相关作品
  • 出版社相关作品

书目信息

  • 表格格式
  • 工作单格式
  • 卡片格式
题名:
白领2003
    
 
作者: 缪川 主编
分册:  
出版信息: 北京   学苑出版社  2003.07
页数: 428页
开本: 21cm
丛书名:
单 册:
中图分类: C53 , F270-53
科图分类:
主题词: 社会科学--文集 , 企业管理--文集 , 社会科学 , 企业管理
电子资源:
ISBN: 7-5077-2125-6
000 01054oam2 2200337 450
001 002702014
005 20100908100443.45
010    @a7-5077-2125-6@dCNY29.00
092    @aCN@b491564
100    @a20040817d2003 em y0chiy0110 ea
101 0  @achi
102    @aCN@b110000
105    @aa z 000cy
200 1  @a白领2003@Abai ling 2003@e《万科》周刊精选@f缪川主编@Fmiu chuan zhu bian
210    @a北京@c学苑出版社@d2003.07
215    @a428页@c图@d21cm
300    @a花生文库
330    @a本书随笔的形式,解读白领群体与文化,主要涉及此阶层所属行业、人物、经济等角度的文章有:《我们的工作70年有效》、《一段眼花缭乱的财路》等。
461  0 @1001002474138@12001 @a花生文库
510 1  @awhite Collar@zeng
517 1  @a《万科》周刊精选@A《 wan ke》 zhou kan jing xuan
606 0  @a社会科学@j文集
606 0  @a企业管理@j文集
606 0  @a社会科学
606 0  @a企业管理
690    @aC53@v4
690    @aF270-53@v4
701  0 @a缪川@Amiu chuan@4主编
801  0 @aCN@bNLC@c20100908
905    @aBZT@dC53@e25
906    @dCNY29.00@n0@r1
    
    白领2003:《万科》周刊精选/缪川主编.-北京:学苑出版社,2003.07
    428页:图;21cm
    花生文库
    
    ISBN 7-5077-2125-6:CNY29.00
    本书随笔的形式,解读白领群体与文化,主要涉及此阶层所属行业、人物、经济等角度的文章有:《我们的工作70年有效》、《一段眼花缭乱的财路》等。
●
相关链接 在五车中查询图书 在当当中查询图书 在豆瓣中查询图书


正题名:白领2003     索取号:C53/25         预约/预借

序号 登录号 条形码 馆藏地/架位号 状态 备注
1 458363   230014178   中心书库南/008架B面1层2列/ [索取号:C53/25] 在馆    
2 458364   230014177   中心书库南/008架B面1层2列/ [索取号:C53/25] 在馆    
3 458365   230014176   中心书库南/008架B面1层2列/ [索取号:C53/25] 在馆    
4 458366   230014175   中心书库南/008架B面1层2列/ [索取号:C53/25] 在馆    
5 458367   230014174   中心书库南/008架B面1层2列/ [索取号:C53/25] 在馆    
山东省滨州职业学院图书馆 欢迎您!
大连网信软件有限公司© 版权所有